Human family systems: An evolutionary view
Salvato in:
| Autore principale: | |
|---|---|
| Natura: | Libro |
| Lingua: | inglese |
| Pubblicazione: |
Nueva York
Elsevier
1979
|
| Soggetti: | |
| Tags: |
Aggiungi Tag
Nessun Tag, puoi essere il primo ad aggiungerne!!
|
MARC
| LEADER | 00000nam a2200000 a 4500 | ||
|---|---|---|---|
| 001 | UCG0548 | ||
| 003 | CL-VaPUC | ||
| 008 | 100325e19790000US |||||||||||||||||eng|d | ||
| 020 | |a 044499064X | ||
| 082 | 0 | 4 | |a 306.85 |b VAN |2 21 |
| 100 | 0 | |a Van den Berghe, Pierre L |e author |9 548045 | |
| 245 | 1 | 0 | |a Human family systems: An evolutionary view |
| 300 | |a 254 p | ||
| 942 | |c BK | ||
| 945 | |d 20100325 00:00:00 |a dcastane | ||
| 260 | |a Nueva York |b Elsevier |c 1979 | ||
| 650 | 0 | |a Familias |9 255641 | |
| 650 | 0 | |a Cambio social |9 256857 | |
| 650 | 7 | |a SOCIOBIOLOGIA |2 CL-VaPUC |9 357345 | |
| 583 | |a last modification |c 20130325 05:31:10 |k Rodrigo Vera | ||
| 999 | |c 340169 |d 340167 | ||
| 952 | |0 0 |1 0 |4 0 |6 306_850000000000000_VAN_1979 |7 0 |8 A |9 434705 |a BIBHIS |b BIBHIS |d 2019-11-22 |i 4643550 |o 306.85 VAN 1979 |p 4643550 |r 2025-01-20 |w 2019-11-22 |y BK |k HIS | ||